| 000 | 00905nam a22002537a 4500 | ||
|---|---|---|---|
| 005 | 20240530110441.0 | ||
| 008 | 150420s2011 ua g b 000 0dara d | ||
| 017 |
_a2010/15833 _bمصر . دار الكتب المصرية |
||
| 020 | _a9772327821 | ||
| 040 | _aEG-CaGPL | ||
| 082 | 0 | 4 |
_221 _a371.95\ _bز ت |
| 100 | 0 | _aزكريا بن يحيى لال | |
| 245 | 1 | 2 |
_aالتكنولوجيا الحديثة فى تعليم الفائقين عقليا / _cزكريا بن يحيى لال |
| 250 | _aط1 | ||
| 260 |
_aالقاهرة : _bعالم الكتب ، _c2011. |
||
| 300 |
_a228 ص ؛ _c24 سم. |
||
| 504 | _aشتمل على ارجاعات ببليوجرافية | ||
| 650 | 0 | 4 | _aالطلبة الموهوبون |
| 650 | 0 | 4 | _aالعبقرية |
| 650 | 0 | 4 | _aالموهبة |
| 650 | 0 | 4 | _aالوسائل التعليمية |
| 942 |
_2ddc _cBK |
||
| 999 |
_c61058 _d61058 |
||